5HLuxD.jpg

KING HENRY VIII SENIOR AND PRIMARY SCHOOL LIBRARY OPAC

Bad magic / (Record no. 6075)

000 -LEADER
fixed length control field 00837pam a2200313 i 4500
001 - CONTROL NUMBER
control field 016974562
003 - CONTROL NUMBER IDENTIFIER
control field Uk
005 - DATE AND TIME OF LATEST TRANSACTION
control field 20260204144341.0
008 - FIXED-LENGTH DATA ELEMENTS--GENERAL INFORMATION
fixed length control field 141015s2015 enk j 000 1 eng d
020 ## - INTERNATIONAL STANDARD BOOK NUMBER
International Standard Book Number 9781409587682 (pbk.)
040 ## - CATALOGING SOURCE
Original cataloging agency StDuBDS
Language of cataloging eng
Transcribing agency StDuBDS
Modifying agency Uk
-- KH8
Description conventions rda
042 ## - AUTHENTICATION CODE
Authentication code ukblcatcopy
082 ## - DEWEY DECIMAL CLASSIFICATION NUMBER
Classification number FIC BOS
100 1# - MAIN ENTRY--PERSONAL NAME
Personal name Bosch, Pseudonymous,
Relator term author.
245 10 - TITLE STATEMENT
Title Bad magic /
Statement of responsibility, etc. Pseudonymous Bosch.
264 #1 - PRODUCTION, PUBLICATION, DISTRIBUTION, MANUFACTURE, AND COPYRIGHT NOTICE
Place of production, publication, distribution, manufacture London :
Name of producer, publisher, distributor, manufacturer Usborne,
Date of production, publication, distribution, manufacture, or copyright notice 2015.
300 ## - PHYSICAL DESCRIPTION
Extent 376 pages ;
Dimensions 20 cm.
336 ## - CONTENT TYPE
Content type term text
Source rdacontent
337 ## - MEDIA TYPE
Media type term unmediated
Source rdamedia
338 ## - CARRIER TYPE
Carrier type term volume
Source rdacarrier
490 0# - SERIES STATEMENT
Series statement The bad books
500 ## - GENERAL NOTE
General note Formerly CIP.
Institution to which field applies Uk
521 2# - TARGET AUDIENCE NOTE
Target audience note Key Stage 2.
521 1# - TARGET AUDIENCE NOTE
Target audience note 10+.
530 ## - ADDITIONAL PHYSICAL FORM AVAILABLE NOTE
Additional physical form available note Also issued online.
655 #0 - INDEX TERM--GENRE/FORM
Genre/form data or focus term Adventure stories.
655 #0 - INDEX TERM--GENRE/FORM
Genre/form data or focus term Children's stories.
942 ## - ADDED ENTRY ELEMENTS (KOHA)
Source of classification or shelving scheme
Koha item type Books - Fiction
Holdings
Withdrawn status Lost status Source of classification or shelving scheme Damaged status Not for loan Collection code Permanent Location Current Location Shelving location Date acquired Full call number Barcode Date last seen Copy number Price effective from Koha item type
          Fiction KH8 Senior School Library KH8 Senior School Library Fiction 2026-02-04 FIC BOS 3KHSL000102616 2026-02-04 Book donation 2026-02-04 Books - Fiction

Powered By KH8 IT Dept